000 00414nam a22001217a 4500
082 _a220 PRO
100 _aNC ABEERAH KHAN PC NISMAH SALEEM
_971662
245 _aPR-SOF-1653-AN IoT BASED LOCATION AWARE HEALTH MONITORING SYSTEM FOR FIELD WORKERS USING PPG SIGNAL
260 _aISLAMABAD
_bNUST COLLEGE OF EME
_c2017
650 _aDE-COMP-35
700 _aSUPERVISOR ASST. PROF. DR. FARHAN RIAZ
_971663
942 _cCR
999 _c578061
_d578061